Ultimate Border Challenge: 'G-H' Quiz Stats

 Plays Quiz not verified by Sporcle

Challenge
Share
Tweet
Embed
Score 0/50 Timer 04:00
2 Plays Today
% Correct
Austria
97.5%
Austria
97.5%
France
97.2%
Poland
97.1%
Turkey
95.5%
Turkey
95.5%
Guinea
94.2%
Brazil
94.1%
Russia
93.9%
Dominican Republic
93.7%
Belgium
93.6%
Honduras
93.4%
Czech Republic
93%
El Salvador
92.7%
El Salvador
92.7%
Slovakia
92.5%
Suriname
92.5%
Mexico
92.2%
Denmark
92.1%
Belize
92.1%
Switzerland
91.6%
Netherlands
91.3%
Armenia
91.1%
Nicaragua
91%
Guinea-Bissau
90.6%
% Correct
Albania
90.5%
Macedonia
90.4%
Guatemala
90%
Senegal
89.9%
Senegal
89.9%
Senegal
89.9%
Bulgaria
89.7%
Venezuela
89%
Luxembourg
88.9%
Slovenia
87.7%
Côte d'Ivoire
87.3%
Côte d'Ivoire
87.3%
Azerbaijan
87%
Cameroon
85.6%
Togo
85.2%
Romania
85%
Serbia
84.2%
Equatorial Guinea
82.3%
Burkina Faso
82.2%
Mali
81.6%
Ukraine
81.5%
Liberia
79.7%
Croatia
79.6%
Sierra Leone
77.3%
Rep. Congo
74.4%

You're not logged in!

Compare scores with friends on all Sporcle quizzes.
OR
Log In

You Might Also Like...

Show Comments

Extras

Top Quizzes Today


Score Distribution

Your Account Isn't Verified!

In order to create a playlist on Sporcle, you need to verify the email address you used during registration. Go to your Sporcle Settings to finish the process.

Report this User

Report this user for behavior that violates our Community Guidelines.

Details: